01682nab a22002657a 4500999001500000003000400015005001700019008004100036040000700077100003500084245012300119260007300242300001100315500007100326505061100397505008901008650003501097650003201132650001701164650002801181650001901209700003701228773013801265942001301403 c5650d5650OSt20251224122007.0190603e xxum|||| |||| 00| 0 spa d cPJ 93609aGasparini, Juan Andrés10aDel daño injustamente sufrido al daño injustamente agravado /cJuan Andrés Gasparini, Facundo Peralta Mariscal.  cCiudad Autónoma de Buenos Aires :aThomson Reuters La Ley, b2025. ap. 183 aCita: TR LALEY AR/DOC/1046/2025 Publicado en: RCCyC 2025 (junio). aSumario: I. Introito.— II. Responsabilidad civil en su función resarcitoria. El derecho de daños y su evolución: desde la deuda de responsabilidad al crédito a la indemnización.— III. El principio de la reparación plena como derecho de rango constitucional en la jurisprudencia de la Corte Suprema de Justicia de la Nación.— IV. Del daño injustamente sufrido al daño injustamente agravado. Función preventiva de la responsabilidad civil y su vinculación con los principios generales que orientan la cultura jurídica: buena fe y ejercicio abusivo del derecho.— V. Colofón.  t¿Te interesa el texto completo? Solicitalo al correo: koha@justierradelfuego.gov.ar 091497aCODIGO CIVIL Y COMERCIAL 091467aRESPONSABILIDAD CIVIL 093331aDAÑO 093332aDAÑO RESARCIBLE 094707aBUENA FE 96614aPeralta Mariscal, Facundo 0 0271393170dCiudad Autónoma de Buenos Aires : Thomson Reuters La Ley, 2015-tRevista Código Civil y Comercial. Nº 3 - Junio 2025 2udccANA